000 00262nam a22001097a 4500
999 _c166912
_d166912
082 _a
_b
100 _aSamres Basu
245 _aPichili raat ki dhoop/
_cby Samres Basu.
260 _aNew Delhi:
_bBharathiya Vidya Prakashan,
_c1991.
650 _a
942 _cBK